Cuentos de la venganza y de la memoria /

Guardado en:
Autor Principal: Kipling, Rudyard
Formato: Libro
Publicado: Colombia : Nuevo Siglo, 1994
Materias:
Etiquetas: Agregar Etiqueta
Sin Etiquetas, Sea el primero en etiquetar este registro!
LEADER 00569nam a22002055a 4500
001 CEM.cems016926
005 20121119140149.0
008 130507s1994##################000#0#####d
003 CEMS
020 |a 9879049063 
082 0 4 |a 823 
100 1 |a Kipling, Rudyard 
245 1 0 |a Cuentos de la venganza y de la memoria /  |c Rudyard Kipling, 
260 |a Colombia :  |b Nuevo Siglo,  |c 1994 
300 |a 158 p. 
653 |a Literatura 
653 |a Literatura inglesa 
653 |a Cuentos ingleses 
653 |a Cuentos 
859 |a CEMS  |b BIB. CEMS - Agricultura  |h 823  |i K628  |p A0046.00  |t Ej.1